| 000 | 00545nam a2200217Ia 4500 | ||
|---|---|---|---|
| 008 | 170918s9999 xx 000 0 und d | ||
| 020 | _a439698375 | ||
| 050 | _bS672 2003 | ||
| 100 | _aSnicket, Lemony | ||
| 245 | 4 | _aThe slippery slope / | |
| 245 | _cby Lemony Snicket ; illustrated by Brett Helquist. | ||
| 260 | _aNew York : | ||
| 260 | _bScholastic, | ||
| 260 | _c2003 | ||
| 300 | _a336 pages : | ||
| 300 | _billustrations ; | ||
| 300 | _c19cm. | ||
| 300 | _eA series of unfortunate events ; | ||
| 440 | _a10 | ||
| 500 | _a1150 | ||
| 999 |
_c343580 _d343580 |
||